[Event "First Saturday FM B 11/2012"]
[Site "Budapest"]
[Date "2012.11.03"]
[Round "1.1"]
[White "Nemeth, Otto"]
[Black "Szabo, Miklos Istvan"]
[Result "1-0"]
[WhiteElo "1790"]
[BlackElo "1342"]
[PlyCount "67"]
[EventDate "2012.11.03"]

1. e4 e5 2. Bc4 Nc6 3. a3 Bc5 4. b4 Bb6 5. Nf3 Nf6 6. Nc3 d6 7. h3 Nd4 8. d3 h6
9. O-O c6 10. Be3 Be6 11. Bxe6 Nxe6 12. Ne2 O-O 13. c4 Bc7 14. Qd2 d5 15. exd5
cxd5 16. Qc2 Qe7 17. Nh4 Ng4 18. Nf5 Qd7 19. hxg4 Rac8 20. cxd5 Nd4 21. Bxd4
exd4 22. Qd2 Be5 23. Rac1 Rcd8 24. Qc2 Rc8 25. Qb3 Rcd8 26. Rfd1 Kh7 27. f3 g6
28. Nfxd4 Bxd4+ 29. Nxd4 Qxd5 30. Qxd5 Rxd5 31. Rc4 Rfd8 32. Nc2 Rxd3 33. Rxd3
Rxd3 34. Rc7 1-0

[Event "First Saturday FM B 11/2012"]
[Site "Budapest"]
[Date "2012.11.03"]
[Round "1.2"]
[White "Schmidt, Wolfgang"]
[Black "Mihajlova, Diana"]
[Result "1-0"]
[WhiteElo "1390"]
[BlackElo "1445"]
[PlyCount "57"]
[EventDate "2012.11.03"]

1. d4 Nf6 2. Nf3 b6 3. c4 e6 4. Nc3 Bb7 5. Bg5 d5 6. cxd5 exd5 7. e3 a6 8. Rc1
Nbd7 9. Bd3 Bd6 10. Qb3 c6 11. O-O h6 12. Bh4 g5 13. Bg3 Bxg3 14. fxg3 a5 15.
Qc2 Ba6 16. Bxa6 Rxa6 17. Na4 c5 18. dxc5 bxc5 19. Qf5 c4 20. Nc3 Nb6 21. Ne5
Nbd7 22. Nxd5 Rf8 23. Rfd1 Nxd5 24. Rxd5 Re6 25. Nxd7 Qxd7 26. Rxd7 Kxd7 27.
Rd1+ Ke7 28. Qc5+ Kf6 29. Qxf8 1-0

[Event "First Saturday FM B 11/2012"]
[Site "Budapest"]
[Date "2012.11.03"]
[Round "1.3"]
[White "Merk, Andras"]
[Black "Szalay, Tibor"]
[Result "0-1"]
[WhiteElo "1498"]
[BlackElo "1804"]
[PlyCount "80"]
[EventDate "2012.11.03"]

1. e4 c5 2. Nf3 Nc6 3. d4 cxd4 4. Nxd4 g6 5. Nc3 Bg7 6. Be3 Nf6 7. Be2 O-O 8.
g4 d5 9. f3 dxe4 10. fxe4 Bxg4 11. Bxg4 Nxg4 12. Qxg4 Nxd4 13. O-O-O e5 14. h4
h5 15. Qg1 Rc8 16. Qf1 Qc7 17. Rh2 a6 18. Rdd2 f5 19. Bxd4 exd4 20. Nd5 Qd6 21.
Qe2 Rfe8 22. Ne3 Rxe4 23. Qe1 Qe5 24. Qd1 Rxe3 25. Rhe2 Re8 26. Rxe3 Qxe3 27.
Qf1 Qe1+ 28. Rd1 Qxf1 29. Rxf1 Re4 30. Rg1 Kf7 31. Rh1 Bf6 32. c3 dxc3 33. bxc3
Bxh4 34. Kc2 Ke6 35. Rb1 b5 36. Rg1 Rg4 37. Rb1 f4 38. a4 f3 39. Kd3 f2 40.
axb5 axb5 0-1

[Event "First Saturday FM B 11/2012"]
[Site "Budapest"]
[Date "2012.11.05"]
[Round "2.1"]
[White "Szabo, Miklos Istvan"]
[Black "Szalay, Tibor"]
[Result "0-1"]
[WhiteElo "1342"]
[BlackElo "1804"]
[PlyCount "58"]
[EventDate "2012.11.03"]

1. d4 Nf6 2. c4 g6 3. Nc3 Bg7 4. Nf3 O-O 5. g3 d6 6. Bg2 Ne8 7. e4 e5 8. O-O
Nc6 9. d5 Ne7 10. h3 f5 11. Be3 Nf6 12. Qd2 fxe4 13. Ng5 Nf5 14. Ngxe4 Nxe3 15.
Qxe3 Nh5 16. Ne2 Nf6 17. N2c3 Nxe4 18. Nxe4 Bd7 19. Rac1 b6 20. b3 h5 21. Qe2
Bh6 22. Rc3 Qc8 23. Kh2 Qe8 24. f3 Qe7 25. Qf2 Rf7 26. f4 exf4 27. Qd4 fxg3+
28. Kxg3 Rxf1 29. Bxf1 Bg7 0-1

[Event "First Saturday FM B 11/2012"]
[Site "Budapest"]
[Date "2012.11.05"]
[Round "2.2"]
[White "Mihajlova, Diana"]
[Black "Merk, Andras"]
[Result "1-0"]
[WhiteElo "1445"]
[BlackElo "1498"]
[PlyCount "71"]
[EventDate "2012.11.03"]

1. e4 c5 2. Nf3 e6 3. d4 cxd4 4. Nxd4 a6 5. Be3 Qc7 6. Bd3 Bd6 7. h3 Bb4+ 8. c3
Bd6 9. Qe2 Nf6 10. Nd2 b5 11. O-O Bb7 12. a4 Nc6 13. axb5 Ne5 14. bxa6 Nxd3 15.
axb7 Rxa1 16. Rxa1 Nc5 17. Ra8+ Ke7 18. Rxh8 Qxb7 19. Nb5 Ncxe4 20. Nxe4 Qxe4
21. Nxd6 Kxd6 22. Qa6+ Ke5 23. Bd4+ Kf5 24. Bxf6 Kxf6 25. Qb6 Qe1+ 26. Kh2 Qe5+
27. g3 Qf5 28. Qd8+ Kg6 29. Qb6 d5 30. Qd4 f6 31. Qg4+ Qxg4 32. hxg4 h6 33. b4
Kg5 34. b5 Kxg4 35. b6 h5 36. b7 1-0

[Event "First Saturday FM B 11/2012"]
[Site "Budapest"]
[Date "2012.11.05"]
[Round "2.3"]
[White "Nemeth, Otto"]
[Black "Schmidt, Wolfgang"]
[Result "1/2-1/2"]
[WhiteElo "1790"]
[BlackElo "1390"]
[PlyCount "66"]
[EventDate "2012.11.03"]

1. e4 c5 2. c4 Nc6 3. Nf3 d6 4. h3 e6 5. Nc3 Be7 6. a3 a6 7. d3 Bf6 8. Bd2 Nge7
9. Be2 Nd4 10. O-O Nec6 11. Rb1 a5 12. a4 O-O 13. Nb5 Nxb5 14. cxb5 Nd4 15.
Nxd4 Bxd4 16. Bf3 Rb8 17. Qc1 b6 18. Kh1 Bb7 19. Bf4 Qe7 20. Qc4 Rfd8 21. Qc1
Rbc8 22. Bg4 d5 23. f3 c4 24. Qd2 cxd3 25. Rfc1 Qb4 26. Qxd3 dxe4 27. Rxc8 Rxc8
28. fxe4 Qxa4 29. Bf3 h6 30. b3 Qb4 31. Rd1 Rd8 32. Bc7 Rc8 33. Bf4 Rd8 1/2-1/2

[Event "First Saturday FM B 11/2012"]
[Site "Budapest"]
[Date "2012.11.06"]
[Round "3.1"]
[White "Schmidt, Wolfgang"]
[Black "Szabo, Miklos Istvan"]
[Result "1/2-1/2"]
[WhiteElo "1390"]
[BlackElo "1342"]
[PlyCount "85"]
[EventDate "2012.11.03"]

1. d4 Nf6 2. Nf3 d5 3. c4 c6 4. cxd5 cxd5 5. Nc3 Nc6 6. Bg5 Bf5 7. e3 a6 8. a3
h6 9. Bh4 g5 10. Bg3 Bg7 11. Rc1 O-O 12. Bd3 Ne4 13. Qc2 Rc8 14. Nd2 Nxg3 15.
fxg3 Bxd3 16. Qxd3 e5 17. Ne2 Qd7 18. O-O Ne7 19. dxe5 Bxe5 20. Nd4 Bxd4 21.
Qxd4 Rxc1 22. Rxc1 Nc6 23. Qf6 Qe6 24. Qf2 Re8 25. Nf1 Qe5 26. Rc5 Re6 27. Qd2
Rd6 28. b4 b6 29. Rc3 Kf8 30. Rd3 Ne7 31. Qd1 Rf6 32. g4 Qb2 33. Nd2 Rc6 34.
Kf2 Rf6+ 35. Kg1 Rc6 36. Kf2 Kg7 37. Rb3 Rf6+ 38. Kg1 Qe5 39. Nf3 Qc7 40. Qd2
Rc6 41. Rb2 Rc1+ 42. Kf2 Qc4 43. Qe2 1/2-1/2

[Event "First Saturday FM B 11/2012"]
[Site "Budapest"]
[Date "2012.11.06"]
[Round "3.2"]
[White "Merk, Andras"]
[Black "Nemeth, Otto"]
[Result "1-0"]
[WhiteElo "1498"]
[BlackElo "1790"]
[PlyCount "73"]
[EventDate "2012.11.03"]

1. e4 c5 2. Nf3 Nc6 3. d4 cxd4 4. Nxd4 d6 5. Nc3 a6 6. Be3 Bd7 7. f3 Nf6 8. Qd2
h6 9. O-O-O Rc8 10. Nxc6 Bxc6 11. Bc4 e6 12. Bb3 Qa5 13. Kb1 b5 14. Nd5 Qxd2
15. Nxf6+ gxf6 16. Rxd2 a5 17. a3 Rb8 18. Bd4 Be7 19. Rd3 h5 20. h3 h4 21. Ba7
Rb7 22. Bd4 Rg8 23. Rg1 a4 24. Ba2 b4 25. axb4 Rxb4 26. Bf2 Rh8 27. g3 hxg3 28.
Rxg3 Kf8 29. c3 Rb5 30. Rd1 f5 31. Bc4 Rb8 32. exf5 Bh4 33. fxe6 Bxg3 34. Bxg3
Rd8 35. Bxd6+ Rxd6 36. Rxd6 Bxf3 37. Rd8+ 1-0

[Event "First Saturday FM B 11/2012"]
[Site "Budapest"]
[Date "2012.11.06"]
[Round "3.3"]
[White "Szalay, Tibor"]
[Black "Mihajlova, Diana"]
[Result "0-1"]
[WhiteElo "1804"]
[BlackElo "1445"]
[PlyCount "90"]
[EventDate "2012.11.03"]

1. d4 Nf6 2. c4 e5 3. Bg5 Bb4+ 4. Nc3 exd4 5. Qxd4 Qe7 6. Bxf6 gxf6 7. O-O-O
Bxc3 8. Qxc3 Nc6 9. Rd3 Nb4 10. Qd2 Nxd3+ 11. exd3 d6 12. g3 Be6 13. Bg2 c6 14.
Ne2 O-O-O 15. Re1 Qc7 16. Kb1 d5 17. cxd5 Bxd5 18. Bh3+ Be6 19. Bg2 Rhe8 20.
Nf4 Bf5 21. Rc1 Be4 22. f3 Bf5 23. g4 Be6 24. Nxe6 fxe6 25. f4 Rd4 26. Be4 Red8
27. Qg2 Kb8 28. f5 e5 29. h4 Ra4 30. g5 Qa5 31. b3 Qb6 32. gxf6 Rad4 33. f7 Qb4
34. Qg7 Qd6 35. Rc3 a5 36. Qxh7 a4 37. Kb2 a3+ 38. Kc2 Rxe4 39. Qh5 Rf4 40. Qg6
Qf8 41. h5 Kc7 42. Qe6 Qg7 43. f6 Qxf6 44. Qe8 Rf2+ 45. Kb1 Rb2+ 0-1

[Event "First Saturday FM B 11/2012"]
[Site "Budapest"]
[Date "2012.11.07"]
[Round "4.1"]
[White "Szabo, Miklos Istvan"]
[Black "Mihajlova, Diana"]
[Result "0-1"]
[WhiteElo "1342"]
[BlackElo "1445"]
[PlyCount "73"]
[EventDate "2012.11.03"]

1. e4 c5 2. Nf3 e6 3. d4 cxd4 4. Nxd4 a6 5. c4 Qc7 6. Be2 Nf6 7. Nd2 Bb4 8. Qc2
Nc6 9. N4f3 Ne5 10. O-O Nxf3+ 11. Nxf3 b5 12. Bg5 Ng4 13. Rac1 Qb8 14. cxb5 Bd6
15. g3 axb5 16. b3 f6 17. Bd2 h5 18. Nd4 Ba6 19. b4 Ne5 20. a4 h4 21. axb5 Bb7
22. b6 hxg3 23. fxg3 Nc6 24. Nf3 Bxg3 25. e5 Bxe5 26. Nxe5 Qxe5 27. Qg6+ Kf8
28. Bf4 Qd4+ 29. Rf2 Ne5 30. Bxe5 Qxe5 31. Bf1 Be4 32. Rc5 Qd4 33. Qg3 Rh6 34.
b7 Bxb7 35. Rg5 f5 36. b5 Qd5 37. Rxg7 0-1

[Event "First Saturday FM B 11/2012"]
[Site "Budapest"]
[Date "2012.11.07"]
[Round "4.2"]
[White "Nemeth, Otto"]
[Black "Szalay, Tibor"]
[Result "1-0"]
[WhiteElo "1790"]
[BlackElo "1804"]
[PlyCount "111"]
[EventDate "2012.11.03"]

1. e4 c5 2. Nf3 d6 3. d4 cxd4 4. Nxd4 Nf6 5. Nc3 a6 6. Bd3 e6 7. f4 e5 8. fxe5
dxe5 9. Nf3 Nc6 10. h3 Bc5 11. Bg5 Qb6 12. Na4 Bf2+ 13. Ke2 Qa7 14. Rf1 Bg3 15.
c3 Nh5 16. Be3 Nf4+ 17. Kd2 Qb8 18. Nb6 Qd6 19. Kc2 Rb8 20. b4 O-O 21. Bc5
Qxd3+ 22. Qxd3 Nxd3 23. Bxf8 Kxf8 24. Kxd3 h6 25. Nxc8 Rxc8 26. Rfd1 Nd8 27. a4
Ne6 28. Kc2 Ke7 29. Rd2 Bf4 30. Rd3 g5 31. Rad1 Rc7 32. Kb3 h5 33. g4 h4 34.
Rd5 Kf6 35. Rd7 Be3 36. Rxc7 Nxc7 37. Rd7 Ne6 38. Rd6 Ke7 39. Rd5 Bf4 40. Nxe5
Bxe5 41. Rxe5 Kd6 42. Rf5 Ke7 43. e5 b6 44. Kc4 a5 45. bxa5 bxa5 46. Kb5 Nf4
47. Rxg5 Nxh3 48. Rh5 Ke6 49. Rxh4 Nf2 50. Kxa5 Kxe5 51. Rh5+ Ke6 52. Rh6+ Ke5
53. g5 Ne4 54. Kb4 Nxg5 55. a5 Ne6 56. Rxe6+ 1-0

[Event "First Saturday FM B 11/2012"]
[Site "Budapest"]
[Date "2012.11.07"]
[Round "4.3"]
[White "Schmidt, Wolfgang"]
[Black "Merk, Andras"]
[Result "1-0"]
[WhiteElo "1390"]
[BlackElo "1498"]
[PlyCount "57"]
[EventDate "2012.11.03"]

1. d4 Nf6 2. Nf3 g6 3. c4 Bg7 4. Nc3 d5 5. cxd5 Nxd5 6. Bd2 O-O 7. e4 Nxc3 8.
Bxc3 c5 9. d5 Bxc3+ 10. bxc3 Qa5 11. Qb3 Nd7 12. Be2 b6 13. a4 Ba6 14. Bxa6
Qxa6 15. c4 Nf6 16. Qc2 Qb7 17. O-O Qc7 18. Rfe1 Rfe8 19. e5 Nh5 20. Ng5 e6 21.
g4 Ng7 22. d6 Qd8 23. Ne4 Kf8 24. Nf6 h5 25. Qe4 Rb8 26. Ra3 a6 27. Rh3 a5 28.
gxh5 gxh5 29. Qh7 1-0

[Event "First Saturday FM B 11/2012"]
[Site "Budapest"]
[Date "2012.11.08"]
[Round "5.1"]
[White "Merk, Andras"]
[Black "Szabo, Miklos Istvan"]
[Result "1-0"]
[WhiteElo "1498"]
[BlackElo "1342"]
[PlyCount "59"]
[EventDate "2012.11.03"]

1. e4 c5 2. Nf3 Nc6 3. d4 cxd4 4. Nxd4 g6 5. Nc3 Bg7 6. Be3 d6 7. Bc4 Nf6 8.
Bb3 O-O 9. f3 Bd7 10. Qd2 Rc8 11. O-O-O Ne5 12. Kb1 Nc4 13. Bxc4 Rxc4 14. h4
Qa5 15. Nb3 Qc7 16. h5 Nxh5 17. Nd5 Qd8 18. g4 e6 19. gxh5 exd5 20. Qxd5 Qf6
21. Bd4 Rxd4 22. Qxd4 Qxf3 23. Qxd6 Be6 24. hxg6 hxg6 25. Nd4 Bxd4 26. Qxd4 f6
27. e5 f5 28. Qxa7 Rf7 29. Qb6 Kg7 30. Qxe6 1-0

[Event "First Saturday FM B 11/2012"]
[Site "Budapest"]
[Date "2012.11.08"]
[Round "5.2"]
[White "Szalay, Tibor"]
[Black "Schmidt, Wolfgang"]
[Result "1-0"]
[WhiteElo "1804"]
[BlackElo "1390"]
[PlyCount "71"]
[EventDate "2012.11.03"]

1. d4 Nf6 2. Nf3 g6 3. c4 Bg7 4. Nc3 d6 5. e4 O-O 6. Be2 Nbd7 7. Bf4 Nh5 8. Bg5
f6 9. Be3 e5 10. d5 Nf4 11. Bf1 f5 12. g3 Nh5 13. Ng5 Ndf6 14. exf5 Bxf5 15. h3
Bd7 16. Qd2 Qe7 17. Bg2 Kh8 18. O-O-O a6 19. g4 Nf4 20. Bf3 b5 21. Rde1 b4 22.
Nd1 Ng8 23. Bxf4 Rxf4 24. h4 Rxc4+ 25. Kb1 Bxg4 26. Bxg4 Rxg4 27. Qe2 Rd4 28.
Ne3 Qf6 29. Rc1 Ra7 30. f4 exf4 31. Rcf1 h6 32. Ne6 Re4 33. Qf2 Rxe3 34. Nxf4
Re7 35. Qc2 Kh7 36. h5 1-0

[Event "First Saturday FM B 11/2012"]
[Site "Budapest"]
[Date "2012.11.08"]
[Round "5.3"]
[White "Mihajlova, Diana"]
[Black "Nemeth, Otto"]
[Result "1-0"]
[WhiteElo "1445"]
[BlackElo "1790"]
[PlyCount "55"]
[EventDate "2012.11.03"]

1. e4 c5 2. Nf3 d6 3. d4 cxd4 4. Nxd4 Nc6 5. Nc3 Nf6 6. Bg5 e6 7. Qd2 Be7 8.
O-O-O O-O 9. f4 Ne8 10. Bxe7 Qxe7 11. Nf3 a6 12. Bd3 h6 13. f5 Bd7 14. g4 Ne5
15. Nxe5 dxe5 16. h4 Bc6 17. g5 exf5 18. gxh6 g6 19. Rhg1 f4 20. h5 Kh7 21. Qg2
Rg8 22. Nd5 Qd6 23. Bc4 Bb5 24. Nb6 Qxb6 25. Bxf7 Qe3+ 26. Kb1 f3 27. Bxg8+ Kh8
28. Qxg6 1-0

[Event "First Saturday FM B 11/2012"]
[Site "Budapest"]
[Date "2012.11.09"]
[Round "6.1"]
[White "Szabo, Miklos Istvan"]
[Black "Nemeth, Otto"]
[Result "0-1"]
[WhiteElo "1342"]
[BlackElo "1790"]
[PlyCount "78"]
[EventDate "2012.11.03"]

1. e4 e5 2. Nf3 d6 3. d4 f6 4. dxe5 fxe5 5. Bc4 Nf6 6. Bg5 Be7 7. Nc3 c6 8. a4
a5 9. O-O Na6 10. Qe2 Nc5 11. Rfd1 Be6 12. Bxe6 Nxe6 13. Bh4 h6 14. Nxe5 g5 15.
Ng6 Rg8 16. Nxe7 Qxe7 17. Bg3 Rd8 18. e5 dxe5 19. Qxe5 Kf7 20. Qxa5 Nd4 21. Re1
Qd7 22. Rad1 Rge8 23. Rxe8 Rxe8 24. Be5 Qe6 25. Rxd4 Qxe5 26. Qxe5 Rxe5 27. Kf1
h5 28. g3 Re7 29. f4 gxf4 30. Rxf4 Kg6 31. Kf2 Ng4+ 32. Kg2 Ne3+ 33. Kf3 Nxc2
34. Nd1 Ne1+ 35. Kf2 Nd3+ 36. Kf3 Nxf4 37. Kxf4 Rd7 38. Ne3 Rd2 39. Nc4 Rd4+
0-1

[Event "First Saturday FM B 11/2012"]
[Site "Budapest"]
[Date "2012.11.09"]
[Round "6.2"]
[White "Mihajlova, Diana"]
[Black "Schmidt, Wolfgang"]
[Result "1-0"]
[WhiteElo "1445"]
[BlackElo "1390"]
[PlyCount "89"]
[EventDate "2012.11.03"]

1. e4 c5 2. Nf3 d6 3. d4 cxd4 4. Nxd4 Nf6 5. Nc3 a6 6. Bg5 e6 7. Qd2 Be7 8.
O-O-O Nbd7 9. f4 Qc7 10. Be2 O-O 11. g4 b5 12. Bf3 Rb8 13. e5 dxe5 14. Nc6 Bc5
15. Nxb8 Qxb8 16. h4 exf4 17. Bxf4 e5 18. Bg3 Bb7 19. Nd5 Qa7 20. Kb1 e4 21.
Nxf6+ Nxf6 22. g5 exf3 23. gxf6 Re8 24. Qg5 g6 25. Qh6 Bf8 26. Qd2 h5 27. Rhe1
Bc6 28. Rxe8 Bxe8 29. Qd8 f2 30. Qxe8 Qd4 31. Rxd4 f1=Q+ 32. Qe1 Qxf6 33. Re4
Qc6 34. Bf4 Kh7 35. Re8 Bg7 36. Re7 Qf6 37. Bc1 Kg8 38. Re4 Qf5 39. Rf4 Qd7 40.
Re4 Qf5 41. Bf4 Qd5 42. Be5 Qb7 43. Bxg7 Kxg7 44. Re7 Qf3 45. Qc3+ 1-0

[Event "First Saturday FM B 11/2012"]
[Site "Budapest"]
[Date "2012.11.09"]
[Round "6.3"]
[White "Szalay, Tibor"]
[Black "Merk, Andras"]
[Result "1/2-1/2"]
[WhiteElo "1804"]
[BlackElo "1498"]
[PlyCount "145"]
[EventDate "2012.11.03"]

1. d4 Nf6 2. Nf3 g6 3. c4 Bg7 4. Nc3 d5 5. e3 O-O 6. Be2 dxc4 7. Bxc4 c5 8. O-O
Nc6 9. d5 Na5 10. Be2 b6 11. e4 Bb7 12. Bg5 Ng4 13. Nd2 Nf6 14. Rb1 h6 15. Bh4
Bc8 16. a3 g5 17. Bg3 e6 18. Nb5 Bd7 19. Bc7 Qc8 20. Bd6 Rd8 21. Be7 Re8 22.
Bxf6 Bxf6 23. Nd6 Qc7 24. Nxe8 Rxe8 25. dxe6 Bxe6 26. b4 Nb7 27. Qc2 Be5 28.
Nf3 cxb4 29. Qxc7 Bxc7 30. axb4 Nd6 31. Nd2 a5 32. bxa5 bxa5 33. Rfc1 Re7 34.
f3 Kf8 35. Bc4 Nxc4 36. Nxc4 Bf4 37. Rc2 Rc7 38. Na3 Rxc2 39. Nxc2 a4 40. Nd4
Be3+ 41. Kf1 Bxd4 42. Rb4 Be5 43. Rxa4 Bxh2 44. Ra8+ Kg7 45. Kf2 Bc7 46. Ra6 g4
47. Rc6 Be5 48. Ke3 gxf3 49. gxf3 Bg3 50. f4 h5 51. f5 Bb3 52. Kf3 h4 53. Kg4
Bd1+ 54. Kg5 h3 55. f6+ Kh7 56. Rc1 Bf3 57. Rc3 h2 58. Rxf3 Bh4+ 59. Kxh4 h1=Q+
60. Kg4 Qg2+ 61. Kf4 Qd2+ 62. Kg4 Kg6 63. Rf5 Qg2+ 64. Kf4 Qf2+ 65. Kg4 Qxf5+
66. exf5+ Kxf6 67. Kf4 Ke7 68. Kg5 Kf8 69. Kf6 Kg8 70. Ke7 Kg7 71. Ke8 Kf6 72.
Kf8 Kxf5 73. Kxf7 1/2-1/2

[Event "First Saturday FM B 11/2012"]
[Site "Budapest"]
[Date "2012.11.10"]
[Round "7.1"]
[White "Szalay, Tibor"]
[Black "Szabo, Miklos Istvan"]
[Result "1-0"]
[WhiteElo "1804"]
[BlackElo "1342"]
[PlyCount "55"]
[EventDate "2012.11.03"]

1. d4 d5 2. Nf3 Nf6 3. c4 dxc4 4. Nc3 e6 5. e3 Be7 6. Bxc4 O-O 7. O-O c5 8. Qc2
Qc7 9. Nb5 Qb6 10. Bd3 Bd7 11. Qe2 Rc8 12. dxc5 Rxc5 13. Nbd4 Bc6 14. e4 Rh5
15. Bf4 Bxe4 16. Bxe4 Nxe4 17. Qxe4 Nd7 18. Be3 Nf6 19. Qd3 Re8 20. Qe2 e5 21.
Nf5 Qe6 22. Nxe7+ Qxe7 23. Rfd1 Ra8 24. Bg5 h6 25. Bxf6 Qxf6 26. Rd7 e4 27.
Qxe4 Qxb2 28. Rad1 1-0

[Event "First Saturday FM B 11/2012"]
[Site "Budapest"]
[Date "2012.11.10"]
[Round "7.3"]
[White "Schmidt, Wolfgang"]
[Black "Nemeth, Otto"]
[Result "0-1"]
[WhiteElo "1390"]
[BlackElo "1790"]
[PlyCount "64"]
[EventDate "2012.11.03"]

1. d4 Nf6 2. Nf3 e6 3. c4 b6 4. Nc3 Bb7 5. a3 Be7 6. Bg5 h6 7. Bh4 a6 8. e3 d6
9. Bd3 Nbd7 10. O-O g5 11. Bg3 Ra7 12. Nd2 h5 13. f3 Qa8 14. Nde4 Rg8 15. Qc2
h4 16. Be1 g4 17. Bxh4 gxf3 18. Rxf3 Nxe4 19. Nxe4 Bxh4 20. Raf1 f5 21. Rxf5
exf5 22. Rxf5 Ke7 23. Rh5 Bf6 24. d5 Qf8 25. Ng3 Rxg3 26. hxg3 Ra8 27. Rh7+ Bg7
28. Be2 Ne5 29. Qe4 Bc8 30. g4 Bd7 31. g5 Be8 32. Qh4 Bg6 0-1